Manual de derecho comercial /

Guardado en:
Autor Principal: Vítolo, Daniel Roque.
Formato: Libro
Idioma:Spanish
Publicado: Ciudad Autonoma de Buenos Aires : Estudio, 2017.
Edición:2a. ed.
Materias:
Etiquetas: Agregar Etiqueta
Sin Etiquetas, Sea el primero en etiquetar este registro!
LEADER 00993nam a22001695a 4500
001 DER.der013434
008 180615s2017####ag#||||||||||||||#||spa||
005 20251218085153.0
245 1 0 |a Manual de derecho comercial /  |c Daniel Roque Vitolo. 
250 |a 2a. ed. 
260 |a Ciudad Autonoma de Buenos Aires :  |b Estudio,  |c 2017. 
300 |a 928 p. 
500 |a Desarrollo de la materia conforme a los contenidos de los programas de estudio. Actualizado conforme a la ley 26.994 -Código Civil y Comercial de la Nación- y leyes 27.221, 27.271, 27.290 y 27.349. Incluye contenidos de Derecho del Consumidor, Concursos y Quiebras, Apoyo al capital Emprendedor, Sistemas de Financiamiento Colectivo, Sociedades, SAS, Contratos, Títulos Valores, Defensa de la Competencia, Marítimo, Aeronáutico, Recursos Naturales, Ambiente y Derecho de los Bienes Inmateriales. 
020 |a 9789509875645 
100 1 |a Vítolo, Daniel Roque. 
650 7 |a DERECHO PRIVADO 
859 |a DERECHO  |b BIB. DERECHO  |h 346.07  |i VIT  |p 008392